5HLuxD.jpg

KING HENRY VIII SENIOR AND PRIMARY SCHOOL LIBRARY OPAC

My new shoes / (Record no. 2549)

000 -LEADER
fixed length control field 00952nam a2200289 a 4500
001 - CONTROL NUMBER
control field 015543652
003 - CONTROL NUMBER IDENTIFIER
control field UkOxU
005 - DATE AND TIME OF LATEST TRANSACTION
control field 20230713142902.0
008 - FIXED-LENGTH DATA ELEMENTS--GENERAL INFORMATION
fixed length control field 030206r20031997enk j 000 1 eng d
015 ## - NATIONAL BIBLIOGRAPHY NUMBER
National bibliography number GB A3-Y0354
020 ## - INTERNATIONAL STANDARD BOOK NUMBER
International Standard Book Number 9780749649180
035 ## - SYSTEM CONTROL NUMBER
System control number BNB2737.1354
040 ## - CATALOGING SOURCE
Transcribing agency OX/U-1
Modifying agency KH8
082 0# - DEWEY DECIMAL CLASSIFICATION NUMBER
Classification number 823.914 BRU
Edition number 21
100 1# - MAIN ENTRY--PERSONAL NAME
Personal name Bruce, Lisa.
Relator term Author
240 10 - UNIFORM TITLE
Uniform title New shoes
245 10 - TITLE STATEMENT
Title My new shoes /
Statement of responsibility, etc. Lisa Bruce & Susie Jenkin-Pearce.
260 ## - PUBLICATION, DISTRIBUTION, ETC.
Place of publication, distribution, etc. London :
Name of publisher, distributor, etc. Watts,
Date of publication, distribution, etc. 2003.
300 ## - PHYSICAL DESCRIPTION
Extent [17] p. :
Other physical details chiefly col. ill. ;
Dimensions 21 cm.
500 ## - GENERAL NOTE
General note First published in 1997 as: New shoes
500 ## - GENERAL NOTE
General note Produced in association with the Early Childhood Centre, Froebel Institute College, Roehampton Institute.
650 #0 - SUBJECT ADDED ENTRY--TOPICAL TERM
Topical term or geographic name entry element Shoes
Form subdivision Pictorial works
-- Juvenile fiction.
650 #0 - SUBJECT ADDED ENTRY--TOPICAL TERM
Topical term or geographic name entry element Shoes
General subdivision Purchasing
Form subdivision Pictorial works
-- Juvenile fiction.
700 1# - ADDED ENTRY--PERSONAL NAME
Personal name Jenkin-Pearce, Susie.
Relator term Author
830 #0 - SERIES ADDED ENTRY--UNIFORM TITLE
Uniform title Me and my world
942 ## - ADDED ENTRY ELEMENTS (KOHA)
Source of classification or shelving scheme
Koha item type Books
Holdings
Withdrawn status Lost status Source of classification or shelving scheme Damaged status Not for loan Collection code Permanent Location Current Location Shelving location Date acquired Total Checkouts Full call number Barcode Date last seen Date last checked out Price effective from Koha item type
          Fiction KH8 Primary School Library KH8 Primary School Library Non Fiction 2023-07-13 8 823.914 BRU KHPL000004277 2026-02-23 2026-02-09 2023-07-13 Books

Powered By KH8 IT Dept